[Event "NM for barn og ungdom 2014"]
[Site "Stavanger / Sandnes"]
[Date "2014.11.14"]
[Round "2"]
[White "Jacobsen, Fredrik Beer"]
[Black "Engeg�rd, �d�n Toth"]
[Result "0-1"]
[WhiteElo "2033"]
[BlackElo "1774"]
[PlyCount "60"]
[EventDate "2014.??.??"]

1. e4 c5 2. Nc3 e6 3. g3 d5 4. exd5 exd5 5. Bg2 Nf6 6. Nge2 d4 7. Ne4 Be7 8.
O-O O-O 9. d3 Nc6 10. h3 Nxe4 11. dxe4 f5 12. Nf4 Bd6 13. exf5 Bxf4 14. Bxf4
Bxf5 15. Qd2 Qd7 16. Kh2 Rae8 17. Rfe1 Nb4 18. Rxe8 Rxe8 19. g4 Bg6 20. c3 Nc2
21. Rc1 Qf7 22. Bg3 d3 23. Rxc2 dxc2 24. Bd5 Re6 25. Bxe6 Qxe6 26. Bf4 h6 27.
b3 Qa6 28. Qd5+ Kh7 29. Qxc5 Qf1 30. Qxa7 Be4
0-1

[Event "NM for barn og ungdom 2014"]
[Site "Stavanger / Sandnes"]
[Date "2014.11.14"]
[Round "2"]
[White "Kyrkjeb�, Erlend"]
[Black "Rygg, Snorre"]
[Result "1-0"]
[WhiteElo "1967"]
[BlackElo "1827"]
[PlyCount "55"]
[EventDate "2014.??.??"]

1. e4 c5 2. Nf3 d6 3. d4 cxd4 4. Nxd4 Nf6 5. Nc3 a6 6. Bg5 e6 7. f4 Be7 8. Qf3
Qc7 9. O-O-O Nc6 10. Nxc6 Qxc6 11. e5 Qxf3 12. gxf3 dxe5 13. fxe5 Nd7 14. Bxe7
Kxe7 15. f4 b5 16. Bg2 Ra7 17. Rd6 g5 18. fxg5 Nxe5 19. Rd4 Rd7 20. Rh4 Ng6 21.
Rh6 Kf8 22. Ne4 Kg7 23. Nf6 Rd4 24. Be4 Ne7 25. c3 Rc4 26. Rd1 Nf5 27. Bxf5
exf5 28. Nh5+
1-0

[Event "NM for barn og ungdom 2014"]
[Site "Stavanger / Sandnes"]
[Date "2014.11.14"]
[Round "2"]
[White "�ver�s, Vegard"]
[Black "Kizatbay, Alseit"]
[Result "1/2-1/2"]
[WhiteElo "1711"]
[BlackElo "1592"]
[PlyCount "78"]
[EventDate "2014.??.??"]

1. d4 d5 2. Nf3 Nf6 3. g3 g6 4. Bg2 Bg7 5. O-O O-O 6. Re1 c6 7. c3 Bf5 8. Nbd2
Ne4 9. Nh4 Nd6 10. Nxf5 gxf5 11. Nf3 f6 12. Nh4 e6 13. f3 Re8 14. Bh3 Nd7 15.
Kf2 b6 16. Rg1 Nf8 17. b3 Kf7 18. Qd3 Ng6 19. Ng2 Qd7 20. Ba3 Nb5 21. Bb2 Nd6
22. Ba3 Nb5 23. Bb2 Nd6 24. Ne3 h5 25. Ba3 Nb5 26. Bb2 Nd6 27. a4 f4 28. Nc2 f5
29. Ba3 Rh8 30. Rg2 fxg3+ 31. hxg3 Rag8 32. Rag1 h4 33. e3 hxg3+ 34. Rxg3 Bf6
35. Kf1 Bh4 36. R3g2 Be7 37. Rg3 Bh4 38. R3g2 Bf6 39. Rg3 Bh4
1/2-1/2

[Event "NM for barn og ungdom 2014"]
[Site "Stavanger / Sandnes"]
[Date "2014.11.14"]
[Round "3"]
[White "Engegård, �~døn Toth"]
[Black "Kyrkjebø, Erlend"]
[Result "0-1"]
[WhiteElo "1774"]
[BlackElo "1967"]
[PlyCount "96"]
[EventDate "2014.??.??"]

1. e4 c5 2. Nf3 d6 3. d4 cxd4 4. Nxd4 Nf6 5. Nc3 g6 6. Be3 Bg7 7. f3 O-O 8. Qd2
Nc6 9. Bc4 Bd7 10. O-O-O Rb8 11. h4 b5 12. Bb3 Na5 13. Bh6 Bxh6 14. Qxh6 e5 15.
Nde2 b4 16. Nd5 Nxb3+ 17. axb3 Nxd5 18. Rxd5 Rb6 19. h5 Qe7 20. f4 Bc6 21. hxg6
fxg6 22. Rxd6 Bxe4 23. Rhd1 Bxg2 24. fxe5 Rxd6 25. Rxd6 Rf1+ 26. Kd2 Bf3 27.
Qe3 Qh4 28. c3 Qe1+ 29. Kd3 Qd1+ 30. Kc4 Qxe2+ 31. Qxe2 Bxe2+ 32. Kxb4 Rf5 33.
e6 Rb5+ 34. Ka4 Re5 35. c4 Bg4 36. c5 Rxe6 37. Rd8+ Kf7 38. b4 a6 39. Ka5 Be2
40. Rd7+ Re7 41. Rd4 Bb5 42. Kb6 Re6+ 43. Kb7 g5 44. Rd8 g4 45. Rd4 g3 46. Rf4+
Rf6 47. Rh4 g2 48. Rxh7+ Kg8
0-1

[Event "NM for barn og ungdom 2014"]
[Site "Stavanger / Sandnes"]
[Date "2014.11.14"]
[Round "3"]
[White "Varley, Nicolas"]
[Black "R�dsmoen, Maud"]
[Result "1-0"]
[WhiteElo "1977"]
[BlackElo "1878"]
[PlyCount "121"]
[EventDate "2014.??.??"]

1. e4 c5 2. Nf3 e6 3. d4 cxd4 4. Nxd4 Nc6 5. Nb5 d6 6. c4 a6 7. N5c3 Be7 8. Be2
Nf6 9. Be3 Qc7 10. Na3 O-O 11. Rc1 Bd7 12. O-O Rac8 13. f4 Qb8 14. Bf3 Na5 15.
Qe2 b6 16. Rfd1 Rc7 17. e5 dxe5 18. fxe5 Ne8 19. Ne4 f6 20. exf6 gxf6 21. Bh6
Ng7 22. Nd6 Rc5 23. Bxg7 Kxg7 24. Nf5+ Rxf5 25. Rxd7 Rf7 26. Qxe6 Qe5 27. Qxe5
fxe5 28. Rdd1 Bc5+ 29. Kh1 Rf4 30. Bd5 R7f6 31. g3 Rf2 32. Nc2 Rh6 33. h4 Bd4
34. Nxd4 exd4 35. b4 Nc6 36. b5 Nb4 37. bxa6 Rxa2 38. Rb1 Nxd5 39. cxd5 Rxa6
40. Rxd4 Rd6 41. Rc1 Ra5 42. Rc7+ Kh6 43. g4 Raxd5 44. g5+ Kg6 45. Rxd5 Rxd5
46. Rc6+ Kg7 47. Rxb6 Rd4 48. Rh6 Rg4 49. Kh2 Kg8 50. Kh3 Rg1 51. Ra6 Kg7 52.
Ra3 Kg6 53. Rf3 Kh5 54. Rf6 Rh1+ 55. Kg3 Rg1+ 56. Kf2 Rh1 57. Rh6+ Kg4 58. Rxh7
Ra1 59. g6 Ra8 60. h5 Kg5 61. g7
1-0

[Event "NM for barn og ungdom 2014"]
[Site "Stavanger / Sandnes"]
[Date "2014.11.14"]
[Round "3"]
[White "Aartun, Eivind"]
[Black "Machlik, Jon"]
[Result "1-0"]
[WhiteElo "1817"]
[BlackElo "1871"]
[PlyCount "55"]
[EventDate "2014.??.??"]

1. e4 e5 2. d4 exd4 3. Nf3 Nc6 4. Bc4 Bc5 5. O-O d6 6. Ng5 Nh6 7. Qh5 Qf6 8. h3
O-O 9. f4 Be6 10. Nxe6 fxe6 11. f5 Rae8 12. Nd2 Kh8 13. Bxe6 d3+ 14. Kh1 dxc2
15. Nf3 Nf7 16. Bg5 Nxg5 17. Nxg5 h6 18. Nf7+ Kh7 19. g4 Rxf7 20. g5 Qxg5 21.
Qxf7 Rd8 22. f6 Ne5 23. Qxc7 Rf8 24. Qe7 Rxf6 25. Qe8 Rxf1+ 26. Rxf1 c1=Q 27.
Bg8+ Kh8 28. Bf7+
1-0

[Event "NM for barn og ungdom 2014"]
[Site "Stavanger / Sandnes"]
[Date "2014.11.14"]
[Round "3"]
[White "Kizatbay, Alseit"]
[Black "Slettmoen, Markus"]
[Result "1-0"]
[WhiteElo "1592"]
[BlackElo "955"]
[PlyCount "41"]
[EventDate "2014.??.??"]

1. d4 e6 2. Nf3 d5 3. g3 c5 4. Bg2 Nc6 5. O-O Qb6 6. e3 Nf6 7. a3 Bd7 8. Re1 h6
9. Nc3 c4 10. e4 dxe4 11. Nxe4 Nxe4 12. Rxe4 f5 13. Re1 Rd8 14. Nh4 Rg8 15.
Qh5+ Ke7 16. Bxc6 Qxc6 17. Qxf5 Bc8 18. Qh7 Kf7 19. Qg6+ Ke7 20. Nf5+ Kd7 21.
Qf7+
1-0

[Event "NM for barn og ungdom 2014"]
[Site "Stavanger / Sandnes"]
[Date "2014.11.14"]
[Round "3"]
[White "Rygg, Snorre"]
[Black "�ver�s, Vegard"]
[Result "1/2-1/2"]
[WhiteElo "1827"]
[BlackElo "1711"]
[PlyCount "69"]
[EventDate "2014.??.??"]

1. c4 Nf6 2. Nc3 g6 3. g3 Bg7 4. Bg2 O-O 5. d3 Nc6 6. e4 e5 7. Nge2 d6 8. O-O
Nd7 9. Rb1 Nb6 10. b4 a6 11. a4 Bd7 12. b5 axb5 13. axb5 Ne7 14. Qb3 Rb8 15.
Be3 Be6 16. Bxb6 cxb6 17. Nd5 Nxd5 18. cxd5 Bd7 19. Nc3 f5 20. Qb4 Rf6 21. Na4
f4 22. gxf4 exf4 23. f3 g5 24. Qd4 Qe8 25. Qxb6 Rh6 26. Rf2 Ra8 27. Nb2 Ra2 28.
Nc4 Rxf2 29. Kxf2 Rxh2 30. Nxd6 Qa8 31. Rg1 Qa2+ 32. Kf1 Qa1+ 33. Ke2 Qb2+ 34.
Kd1 Qb1+ 35. Kd2
1/2-1/2

[Event "NM for barn og ungdom 2014"]
[Site "Stavanger / Sandnes"]
[Date "2014.11.14"]
[Round "3"]
[White "Machlik, Edit"]
[Black "Jacobsen, Fredrik Beer"]
[Result "0-1"]
[WhiteElo "1937"]
[BlackElo "2033"]
[PlyCount "78"]
[EventDate "2014.??.??"]

1. d4 Nf6 2. c4 e6 3. Nc3 d5 4. cxd5 exd5 5. Bg5 Be7 6. e3 O-O 7. Qc2 b6 8. Bd3
h6 9. Bf4 a6 10. Nf3 Bb7 11. O-O Nbd7 12. Bf5 Nh5 13. Ne2 Nxf4 14. Nxf4 Bd6 15.
Nd3 g6 16. Bxd7 Qxd7 17. Nfe5 Qe8 18. b4 f6 19. Nf3 Kg7 20. Rac1 g5 21. g3 h5
22. h4 Bc8 23. Nde1 Bh3 24. Ng2 Bg4 25. Nd2 Qe6 26. e4 Bxb4 27. Qxc7+ Rf7 28.
Qc2 dxe4 29. hxg5 fxg5 30. Nxe4 Kh6 31. Qc6 Re8 32. Qa4 Qxe4 33. Qxb4 Bh3 34.
f3 Rxf3 35. Rxf3 Qxf3 36. Qxb6+ Re6 37. Qb2 Bxg2 38. d5 Rf6 39. Qd4 Bh3
0-1

[Event "NM for barn og ungdom 2014"]
[Site "Stavanger / Sandnes"]
[Date "2014.11.14"]
[Round "4"]
[White "Nilsen, Martin"]
[Black "Varley, Nicolas"]
[Result "1/2-1/2"]
[WhiteElo "1980"]
[BlackElo "1977"]
[PlyCount "49"]
[EventDate "2014.??.??"]

1. e4 c5 2. c3 d5 3. exd5 Qxd5 4. d4 Nf6 5. Nf3 Bg4 6. Be2 e6 7. Be3 cxd4 8.
cxd4 Nc6 9. Nc3 Qd6 10. O-O Be7 11. Qd2 O-O 12. Rfd1 Nd5 13. Bg5 Bxg5 14. Qxg5
Qf4 15. Nxd5 Qxg5 16. Nxg5 Bxe2 17. Rd2 exd5 18. Rxe2 Nxd4 19. Rd2 Ne6 20. Rxd5
Nxg5 21. Rxg5 Rfd8 22. Re5 Rd7 23. Rae1 f6 24. R5e2 Rad8 25. f3
1/2-1/2

[Event "NM for barn og ungdom 2014"]
[Site "Stavanger / Sandnes"]
[Date "2014.11.14"]
[Round "2"]
[White "Kyrkjeb�, Marte B"]
[Black "Fossan, Andreas"]
[Result "1/2-1/2"]
[WhiteElo "1594"]
[BlackElo "1803"]
[PlyCount "64"]
[EventDate "2014.??.??"]

1. e4 c6 2. d4 d5 3. Nc3 dxe4 4. Nxe4 Bf5 5. Ng3 Bg6 6. h4 h6 7. Nh3 e6 8. Nf4
Bh7 9. Bc4 Nf6 10. O-O Nd5 11. Bxd5 cxd5 12. Qh5 Qd7 13. Re1 Kd8 14. c4 Bb4 15.
Re2 dxc4 16. d5 exd5 17. Nxd5 Bd6 18. Bf4 Bg6 19. Qf3 Bxf4 20. Nxf4 Nc6 21. Qc3
Bd3 22. Nxd3 cxd3 23. Rd2 Kc7 24. Rxd3 Qg4 25. Rc1 Rae8 26. b4 Kb8 27. b5 Ne5
28. Qc7+ Ka8 29. Rdc3 Nd3 30. Rf1 Rc8 31. Qa5 Rxc3 32. Qxc3 Nf4
1/2-1/2

[Event "NM for barn og ungdom 2014"]
[Site "Stavanger / Sandnes"]
[Date "2014.11.14"]
[Round "3"]
[White "Gr�nn, Eskil Ekeland"]
[Black "Hauge, Lars Oskar"]
[Result "0-1"]
[WhiteElo "1952"]
[BlackElo "2342"]
[PlyCount "78"]
[EventDate "2014.??.??"]

1. d4 Nf6 2. Nf3 e6 3. Bg5 c5 4. e3 Be7 5. Nbd2 cxd4 6. exd4 b6 7. Bd3 Bb7 8.
O-O O-O 9. Re1 d6 10. c3 Nbd7 11. Qc2 h6 12. Bh4 Nd5 13. Bg3 Rc8 14. a3 a6 15.
Ne4 N7f6 16. Qe2 Ra8 17. c4 Nc7 18. Nxf6+ Bxf6 19. Be4 Bxe4 20. Qxe4 Qd7 21. b3
d5 22. Qf4 Rac8 23. Ne5 Bxe5 24. Qxe5 dxc4 25. bxc4 Rfd8 26. Re4 Ne8 27. Bh4 f6
28. Qxe6+ Qxe6 29. Rxe6 Rxc4 30. Rd1 Rcxd4 31. Rxd4 Rxd4 32. f4 Nd6 33. h3 Kf7
34. Re3 Nf5 35. Rb3 Nxh4 36. Rxb6 Ra4 37. Rb3 Nf5 38. g3 Nd4 39. Rd3 Nb5
0-1

[Event "NM for barn og ungdom 2014"]
[Site "Stavanger / Sandnes"]
[Date "2014.11.14"]
[Round "4"]
[White "Bjelland, Eirik Br�dland"]
[Black "Sajjadi, Kimiya"]
[Result "0-1"]
[WhiteElo "1008"]
[BlackElo "1568"]
[PlyCount "67"]
[EventDate "2014.??.??"]

1. e4 e6 2. d4 d5 3. e5 c5 4. c3 Nc6 5. Nf3 cxd4 6. cxd4 Nge7 7. Bd3 Nf5 8.
Bxf5 exf5 9. Nc3 Be6 10. O-O Be7 11. Re1 O-O 12. Bf4 g5 13. Bc1 g4 14. Nd2 Nxd4
15. Nf1 Nc6 16. Bh6 Re8 17. Qd2 d4 18. Ne2 f6 19. Nf4 Bf7 20. e6 Bg6 21. a3 Bd6
22. Rad1 Qc7 23. Nd5 Qd8 24. Nf4 Re7 25. Nd5 Bxh2+ 26. Nxh2 Qxd5 27. Nf1 Rxe6
28. Be3 Qd8 29. Bxd4 Nxd4 30. Ne3 Rd6 31. Qb4 Qb6 32. Qxb6 axb6 33. Nc4 Rdd8
34. Re7
0-1

[Event "NM for barn og ungdom 2014"]
[Site "Stavanger / Sandnes"]
[Date "2014.11.14"]
[Round "1"]
[White "Djurhuus, Eivind X"]
[Black "Nymo, Olav F�rde"]
[Result "1-0"]
[WhiteElo "2146"]
[BlackElo "930"]
[PlyCount "79"]
[EventDate "2014.??.??"]

1. d4 d5 2. c4 dxc4 3. e3 e6 4. Bxc4 c5 5. Nf3 Nf6 6. O-O Be7 7. Nc3 a6 8. Bb3
O-O 9. Qe2 Nc6 10. dxc5 Bxc5 11. Rd1 Qe7 12. h3 Rd8 13. Rxd8+ Qxd8 14. e4 h6
15. Bf4 Qe7 16. e5 Ne8 17. Rd1 Bd7 18. Ne4 Ba7 19. Be3 Bxe3 20. Qxe3 Rd8 21.
Qb6 Bc8 22. Rc1 Qc7 23. Qxc7 Nxc7 24. Ba4 Nb5 25. Bxb5 axb5 26. Nd6 Ne7 27.
Nxb5 Bd7 28. Nd6 Bc6 29. Nd4 Rd7 30. f4 Kh7 31. b4 Ba4 32. b5 Nd5 33. g3 Rc7
34. Rxc7 Nxc7 35. Nxb7 Nxb5 36. Nxb5 Bxb5 37. Nd6 Ba6 38. Nxf7 Kg8 39. Nd6 Kf8
40. Kf2
1-0

[Event "NM for barn og ungdom 2014"]
[Site "Stavanger / Sandnes"]
[Date "2014.11.14"]
[Round "2"]
[White "Ranaldi, Lucas"]
[Black "Br�tveit, Kristoffer"]
[Result "0-1"]
[WhiteElo "1864"]
[BlackElo "1499"]
[PlyCount "66"]
[EventDate "2014.??.??"]

1. d4 f5 2. Nc3 Nf6 3. Bg5 g6 4. h4 Bg7 5. Qd2 Nc6 6. O-O-O O-O 7. e3 d6 8. Be2
e5 9. d5 Ne7 10. h5 a6 11. hxg6 Nxg6 12. Nf3 Qe8 13. Bh6 Bxh6 14. Rxh6 Ng4 15.
Rh5 Nxf2 16. Bb5 axb5 17. Qxf2 b4 18. Nb1 f4 19. Rdh1 Bf5 20. Ng5 fxe3 21. Qxe3
Nf4 22. Rh6 Qb5 23. Nxh7 Ne2+ 24. Kd2 Qxd5+ 25. Ke1 Nf4 26. Qg3+ Kf7 27. Rf6+
Ke7 28. Rxf8 Qe4+ 29. Kf1 Qc4+ 30. Kf2 Qxc2+ 31. Kf1 Bd3+ 32. Kg1 Ne2+ 33. Kh2
Nxg3
0-1

[Event "NM for barn og ungdom 2014"]
[Site "Stavanger / Sandnes"]
[Date "2014.11.14"]
[Round "2"]
[White "Vatnestr�m, Leo Andreas Giske"]
[Black "Dahl, Trygve"]
[Result "0-1"]
[WhiteElo "1135"]
[BlackElo "1936"]
[PlyCount "54"]
[EventDate "2014.??.??"]

1. e4 c5 2. Nf3 e6 3. d4 cxd4 4. Nxd4 a6 5. Nc3 Qc7 6. g3 Bb4 7. Nde2 Be7 8.
Bg2 d6 9. O-O b6 10. Be3 Bb7 11. Qd4 Nd7 12. Rad1 Ngf6 13. f3 O-O 14. a4 d5 15.
Qd2 Rfd8 16. exd5 Nxd5 17. Nxd5 Bxd5 18. Nc3 Bb7 19. Qf2 Nc5 20. Rfe1 Bc6 21.
b3 Bd6 22. f4 Rac8 23. Rd2 Bxg2 24. Qxg2 Nxb3 25. cxb3 Qxc3 26. Bxb6 Bc5+ 27.
Bxc5 Rxd2
0-1

[Event "NM for barn og ungdom 2014"]
[Site "Stavanger / Sandnes"]
[Date "2014.11.14"]
[Round "4"]
[White "Heier, Odin Nikolai"]
[Black "Djurhuus, Eivind X"]
[Result "0-1"]
[WhiteElo "1611"]
[BlackElo "2146"]
[PlyCount "68"]
[EventDate "2014.??.??"]

1. d4 d5 2. Nf3 c6 3. e3 Bf5 4. Bd3 Bg6 5. O-O e6 6. b3 Nf6 7. Bb2 Bd6 8. Nbd2
Nbd7 9. Qe2 O-O 10. Ne5 c5 11. f4 cxd4 12. exd4 Bxd3 13. Qxd3 Qc7 14. Rac1 Qa5
15. a4 a6 16. c4 Bb4 17. Ndf3 dxc4 18. Nxc4 Qd8 19. f5 exf5 20. Qxf5 Nb6 21.
Ng5 Nbd5 22. Rf3 Qe7 23. Nxh7 Qe2 24. Nxf6+ Nxf6 25. d5 Bc5+ 26. Kh1 Ne4 27.
Rcf1 Rae8 28. Rh3 Qxf1+ 29. Qxf1 Nf2+ 30. Kg1 Nxh3+ 31. Kh1 Nf2+ 32. Kg1 Nd3+
33. Kh1 Re1 34. Qxe1 Nxe1 {Og sort vant etter ytterligere 19 trekk.}
0-1

[Event "NM for barn og ungdom 2014"]
[Site "Stavanger / Sandnes"]
[Date "2014.11.14"]
[Round "3"]
[White "Myhre, Mads Wollan"]
[Black "Fossan, Aleksander"]
[Result "0-1"]
[WhiteElo "1432"]
[BlackElo "1456"]
[PlyCount "62"]
[EventDate "2014.??.??"]

1. c4 c5 2. Nf3 Nc6 3. Nc3 g6 4. g3 Bg7 5. Bg2 e6 6. d3 Nge7 7. a3 O-O 8. O-O
d5 9. Nd2 b6 10. Rb1 Bb7 11. b4 Bxc3 12. bxc5 Qc7 13. cxb6 axb6 14. Qb3 Nd4 15.
Qxb6 Nxe2+ 16. Kh1 Qxb6 17. Rxb6 Rfb8 18. Nb3 Nxc1 19. Rxc1 Be5 20. Nc5 Bc8 21.
Rcb1 Rxb6 22. Rxb6 Bd4 23. Rb5 Rxa3 24. Bh3 dxc4 25. dxc4 Bxc5 26. Rxc5 Bb7+
27. Kg1 Ra1+ 28. Bf1 Be4 29. Rc7 Bd3 30. Rxe7 Bxf1 31. c5 Bh3#
0-1

[Event "NM for barn og ungdom 2014"]
[Site "Stavanger / Sandnes"]
[Date "2014.11.14"]
[Round "4"]
[White "Fossan, Aleksander"]
[Black "Tryggestad, Andreas G"]
[Result "0-1"]
[WhiteElo "1456"]
[BlackElo "2011"]
[PlyCount "50"]
[EventDate "2014.??.??"]

1. e4 c5 2. c3 Nf6 3. e5 Nd5 4. d4 cxd4 5. Nf3 Nc6 6. Bc4 Nb6 7. Bb3 e6 8. O-O
d6 9. cxd4 Be7 10. Nc3 O-O 11. Qe2 dxe5 12. dxe5 Nd4 13. Nxd4 Qxd4 14. Nb5 Qh4
15. Be3 Bd7 16. Rfd1 Bc6 17. Rd4 Bxb5 18. Qxb5 Qh5 19. a4 Rac8 20. a5 Rc5 21.
Qd3 Nd5 22. Bxd5 Rxd5 23. Rxd5 exd5 24. Qxd5 Rd8 25. Qxb7 Rd1+
0-1

[Event "NM for barn og ungdom 2014"]
[Site "Stavanger / Sandnes"]
[Date "2014.11.14"]
[Round "4"]
[White "Merkesvik, Amalie Isabel"]
[Black "Nielsen, Andre"]
[Result "1/2-1/2"]
[WhiteElo "1112"]
[BlackElo "1761"]
[PlyCount "120"]
[EventDate "2014.??.??"]

1. e4 c5 2. Nf3 d6 3. d4 cxd4 4. Nxd4 Nf6 5. Nc3 g6 6. Bd3 Bg7 7. h3 O-O 8. O-O
Nc6 9. Be3 Bd7 10. a3 Rc8 11. Qd2 Ne5 12. Qe2 a6 13. f4 Nxd3 14. Qxd3 Qc7 15.
Rac1 Qc4 16. Nf3 Rc7 17. Rfd1 Rfc8 18. e5 Ne8 19. Nd5 Qxd3 20. Rxd3 Bf5 21.
Nxc7 Rxc7 22. Rd2 dxe5 23. fxe5 f6 24. exf6 Bxf6 25. c3 Nd6 26. Bf4 Rc6 27.
Bxd6 exd6 28. Rcd1 Be7 29. Nd4 Rc5 30. Nxf5 Rxf5 31. Rf2 Re5 32. Kf1 Kg7 33.
Re1 Rxe1+ 34. Kxe1 Bh4 35. b4 Bxf2+ 36. Kxf2 Kf6 37. Ke3 Ke5 38. g3 b5 39. Kd3
d5 40. Ke3 h6 41. h4 h5 42. Kd3 Kf5 43. Kd4 Kg4 44. Kxd5 Kxg3 45. c4 bxc4 46.
Kxc4 Kxh4 47. a4 g5 48. b5 axb5+ 49. axb5 g4 50. b6 g3 51. b7 g2 52. b8=Q g1=Q
53. Qd8+ Qg5 54. Qxg5+ Kxg5 55. Kd3 Kg4 56. Ke2 Kg3 57. Kf1 Kh2 58. Kf2 h4 59.
Kf3 h3 60. Kf2 Kh1
1/2-1/2

[Event "NM for barn og ungdom 2014"]
[Site "Stavanger / Sandnes"]
[Date "2014.11.14"]
[Round "4"]
[White "Sj�berg, Isak"]
[Black "Gr�nn, Embla Eikeland"]
[Result "1-0"]
[WhiteElo "1442"]
[BlackElo "999"]
[PlyCount "69"]
[EventDate "2014.??.??"]

1. e4 c6 2. d4 d5 3. e5 Bf5 4. h4 h5 5. Bd3 Bxd3 6. Qxd3 e6 7. f4 Nd7 8. f5
exf5 9. Qxf5 Ne7 10. Qd3 Ng6 11. Bg5 Ne7 12. Nf3 f6 13. O-O Qb6 14. e6 fxg5 15.
exd7+ Kxd7 16. Ne5+ Kc7 17. Nc3 Re8 18. Na4 Qb5 19. Qg3 Kc8 20. Nf7 Qxa4 21.
Nxh8 Qxd4+ 22. Kh2 g6 23. Nf7 Nf5 24. Qf2 Qxf2 25. Rxf2 Kd7 26. Nxg5 Nxh4 27.
Rf7+ Kc8 28. Rf2 Bc5 29. Rff1 Re2 30. Rae1 Rxc2 31. Rf7 Kd8 32. Ne6+ Ke8 33.
Ng5+ Kd8 34. Rxb7 Rxg2+ 35. Kh3 {Og hvit vant etter ca 41 trekk...}
1-0

[Event "NM for barn og ungdom 2014"]
[Site "Stavanger / Sandnes"]
[Date "2014.11.14"]
[Round "4"]
[White "Tryggestad, Linnea Garberg"]
[Black "Thorvaldsen, Thomas"]
[Result "1/2-1/2"]
[WhiteElo "970"]
[BlackElo "980"]
[PlyCount "39"]
[EventDate "2014.??.??"]

1. d4 Nf6 2. c4 e6 3. Nc3 d5 4. Bg5 Be7 5. Nf3 c6 6. e3 h6 7. Bh4 Nbd7 8. Be2
O-O 9. O-O Qb6 10. Qc2 Re8 11. Rfe1 c5 (11... dxc4) 12. Rad1 cxd4 13. exd4 Nf8
14. Ne5 N8d7 15. Nf3 Nf8 16. Qa4 Bd7 17. Qc2 Ng6 18. Bg3 Rad8 19. Bd3 Nf8 20.
Ne5
1/2-1/2

[Event "NM for barn og ungdom 2014"]
[Site "Stavanger / Sandnes"]
[Date "2014.11.14"]
[Round "7"]
[White "Munk, Julian"]
[Black "Nesse, David"]
[Result "1-0"]
[WhiteElo "1088"]
[BlackElo "947"]
[PlyCount "47"]
[EventDate "2014.??.??"]

1. d4 Nf6 2. c4 c5 3. Nc3 cxd4 4. Qxd4 Nc6 5. Qd1 g6 6. b3 Bg7 7. Bb2 O-O 8. e3
a6 9. Nf3 d6 10. h3 Rb8 11. Bd3 Bd7 12. O-O e5 13. Nd5 Nxd5 14. cxd5 Ne7 15. e4
Nxd5 16. exd5 Re8 17. Re1 Qg5 18. Bc1 Qf6 19. Be4 Bf5 20. Ba3 Rbd8 21. Rc1 Bh6
22. Rc3 Bxe4 23. Rxe4 Bg7 24. Re2 {Og hvit vant etter ca 60 trekk} 1-0